000 00579cam a2200205 4500500
005 20260405003058.0
041 _afre
042 _adc
100 1 0 _aLarmagnac-Matheron, Octave
_eauthor
245 0 0 _aNeltiliztli
260 _c2020.
500 _a6
690 _aenracinement
690 _aImpermanence
690 _aNahuatl
690 _aTemps
690 _aVérité
786 0 _nPhilosophie magazine | 140 | 7 | 2020-07-01 | p. 42-42 | 1951-1787
856 4 1 _uhttps://shs.cairn.info/magazine-philosophie-magazine-2020-7-page-42?lang=fr&redirect-ssocas=7080
999 _c2064234
_d2064234